000 00537nam a2200181Ia 4500
999 _c14741
_d14741
003 OSt
005 20201020112144.0
008 190216s9999||||xx |||||||||||||| ||und||
022 _a9780198079880
040 _coclc
082 _a894.8123
_bGAN/K
100 _aGangopadyaya, Narayan
_95363
245 0 _aKocharethi The Araya Woman /
_cNarayan Gangopadyaya
260 _bOxford University Press,
_c2012.
_aNew delhi:
300 _a220p
650 _aEnglish
942 _cBK
_2ddc
_h894.8123
_iGAN/K
_k894.8123
_mGAN/K